The American record (Бичлэгийн дугаар. 145144)
| 000 -УДИРДЛАГА | |
|---|---|
| Удирдлага | 01346nam a22004577a 4500 |
| 003 - ХЯНАЛТЫН ТОО ТОДОРХОЙЛОГЧ | |
| Код | MN-UlNUM |
| 005 - БИЧИЛТ ХИЙСЭН ОГНОО | |
| Тухайн бичилтийг бичсэн засварласан сүүлийн огноо | 20251030142308.0 |
| 008 - ЕРӨНХИЙ МЭДЭЭЛЭЛ | |
| Ерөнхий мэдээлэл | 251030m19001995nyuab b 001 0 eng |
| 020 ## - ISBN | |
| ISBN | 0070239878 |
| 040 ## - БИЧЛЭГ ҮҮСГЭГЧ БАЙГУУЛЛАГА | |
| Бичлэг үүсгэгч номын сангийн код | МУИС-ийн номын сан |
| 084 ## - ББК АНГИЛАЛ | |
| Нэмэлт тусгалт | Гарын авлага |
| ББК ангилал | 63.3(7) |
| Зохиогчийн гурван тэмдэгт | A 47 |
| Мэдлэгийн ялгаа | 63 - Түүх |
| 245 ## - ҮНДСЭН ГАРЧИГ | |
| Номын нэр | The American record |
| Бага гарчгийн мэдээ | Images of the nation's past |
| Оролцогчдын тухай мэдээ | edited by William Graebner, Leonard Richards |
| 250 ## - ДАХИН ХЭВЛЭЛТ | |
| Дахин гаралтын дугаар | 3rd ed. |
| 260 ## - ГАРАЛТЫН МЭДЭЭ | |
| Хэвлэгдсэн газар | New York : |
| Хэвлэлийн газар | McGraw-Hill, |
| Хэвлэгдсэн он | -c1995 |
| 300 ## - МАТЕРИАЛЫН ТОДОРХОЙЛОЛТ | |
| хуудасны тоо | v. <2 > : |
| Бусад тоон мэдээлэл | ill., maps ; |
| Хэмжээ | 24 cm |
| 500 ## - Тайлбар | |
| Дансны дугаар | БС 5613 |
| 505 ## - Агуулгын тэмдэглэгээ | |
| Агуулгын тэмдэглэгээ | v. 2. Since 1865 |
| 546 ## - ХЭЛНИЙ ТУХАЙ МЭДЭЭ | |
| Хэл | Англи хэл дээр, |
| 653 ## - Түлхүүр үг | |
| Түлхүүр үг | history |
| 653 ## - Түлхүүр үг | |
| Түлхүүр үг | United States |
| 653 ## - Түлхүүр үг | |
| Түлхүүр үг | sources |
| 700 1# - ХАМ ЗОХИОГЧИД | |
| Ба бус | Graebner, William |
| 700 1# - ХАМ ЗОХИОГЧИД | |
| Ба бус | Richards, Leonard L. |
| 740 ## - НОМЫН ГАРЧИГ | |
| Гарчиг | The European conquest of America |
| 740 ## - НОМЫН ГАРЧИГ | |
| Гарчиг | Jamestown |
| 740 ## - НОМЫН ГАРЧИГ | |
| Гарчиг | Puritan order |
| 740 ## - НОМЫН ГАРЧИГ | |
| Гарчиг | The Have-Nots in colonial society |
| 740 ## - НОМЫН ГАРЧИГ | |
| Гарчиг | Toward revolution |
| 740 ## - НОМЫН ГАРЧИГ | |
| Гарчиг | The American revolution |
| 740 ## - НОМЫН ГАРЧИГ | |
| Гарчиг | Creating the constitution |
| 740 ## - НОМЫН ГАРЧИГ | |
| Гарчиг | Federalists and republicans |
| 740 ## - НОМЫН ГАРЧИГ | |
| Гарчиг | The transformation of Northern society |
| 740 ## - НОМЫН ГАРЧИГ | |
| Гарчиг | Jacksonian democracy |
| 740 ## - НОМЫН ГАРЧИГ | |
| Гарчиг | Antislavery |
| 740 ## - НОМЫН ГАРЧИГ | |
| Гарчиг | Western expansion |
| 740 ## - НОМЫН ГАРЧИГ | |
| Гарчиг | The civil war |
| 740 ## - НОМЫН ГАРЧИГ | |
| Гарчиг | Reconstruction |
| 942 ## - ЭЛЕМЕНТИЙН ТӨРӨЛ | |
| Зүйлийн төрөл | Ном |
